Statistics for Ariana Grande’s Discography 2023 (Difficult)

Click here to take the quiz!

General Stats

  • This quiz has been taken 27 times
  • The average score is 91 of 136

Answer Stats

ALBUM/EPSONGS% Correct
Feat. Mac Millerthe way
96%
dangerous woman
91%
Feat. Nicki Minajside to side
91%
Feat. Nathan Sykesalmost is never enough
87%
Feat. Big Seanbest mistake
87%
Feat. Childish Gambinobreak your heart right back
87%
Feat. Futureeveryday
87%
YOURS TRULYhoneymoon avenue
87%
into you
87%
Feat. Macy Greyleave me lonely
87%
DANGEROUS WOMANmoonlight
87%
Feat. MIKApopular song
87%
Feat. Iggy Azaleaproblem
87%
you’ll never know
87%
baby i
83%
Feat. Jessie J and Nicki Minajbang bang
83%
be alright
83%
Feat. Cashmere Catbe my baby
83%
Feat. Pharrell Williamsblazed
83%
Feat. Zeddbreak free
83%
CHRISTMAS & CHILL | MY EVERYTHINGintro
83%
Feat. Lil Waynelet me love you
83%
Feat. The Weekndlove me harder
83%
piano
83%
With Lady Gagarain on me
83%
Feat. Big Seanright there
83%
Feat. Nicki Minajthe light is coming
83%
7 rings
78%
Feat. Missy Elliottborderline
78%
With Social Houseboyfriend
78%
break up with your girlfriend, i’m bored
78%
daydreamin’
78%
With Miley Cyrus and Lana Del Reydon’t call me angel
78%
greedy
78%
knew better/forever boy
78%
lovin’it
78%
With Victoria MonétMONOPOLY
78%
Feat. Doja Catmotive
78%
positions
78%
SWEETENERraindrops
78%
Feat. Liz Gilliessanta baby
78%
With Justin Bieberstuck with u
78%
sweetener
78%
thank u, next
78%
why try
78%
fake smile
74%
get well soon
74%
god is a woman
74%
Feat. A$AP Ferghands on me
74%
THANK U, NEXTimagine
74%
needy
74%
Feat. The Weekndoff the table
74%
one last time
74%
Feat. Ty Dolla $ignsafety net
74%
POSITIONSshut up
74%
tattooed heart
74%
touch it
74%
34+35
70%
better left unsaid
70%
better off
70%
bloodline
70%
december
70%
everytime
70%
ghostin
70%
in my head
70%
make up
70%
my hair
70%
NASA
70%
no tears left to cry
70%
only 1
70%
pov
70%
With Cashmere Catquit
70%
sometimes
70%
successful
70%
test drive
70%
thinking bout you
70%
true love
70%
west side
70%
With Cashmere Catadore
65%
bad idea
65%
With Nicki Minajbed
65%
breathin
65%
With Troye Sivandance to this
65%
goodnight n go
65%
i don’t care
65%
jason’s song
65%
CHRISTMAS KISSESlast christmas
65%
love language
65%
my everything
65%
bad decisions
61%
With John Legendbeauty and the beast
61%
With Stevie Wonderfaith
61%
just a little bit of your heart
61%
just like magic
61%
With Mac Millermy favorite part
61%
obvious
61%
pete davidson
61%
R.E.M
61%
With 2 Chainzrule the world
61%
six thirty
61%
snow in california
61%
step on up
61%
worst behavior
61%
focus
57%
With Nicki Minajget on your knees
57%
main thing
57%
nasty
57%
not just on christmas
57%
interludesomeone like u
57%
you don’t know me
57%
With Normani and Nicki Minajbad to you
52%
With Lizzogood as hell remix
52%
With Victoria Monétgot her own
52%
CHARLIE’S ANGELShow i look on you
52%
With Demi Lovatomet him last night
52%
santa tell me
52%
With The Weekndsave your tears remix
52%
winter things
52%
wit it this christmas
52%
With The Weeknddie for you remix
48%
With Andrea Bocellie piú ti penso
48%
love is everything
48%
With Chaka Khannobody
43%
With Calvin Harris, Young Thug and Pharrell Williamsheatstroke
39%
With Kid Cudijust look up
39%
With Major Lazer and Machel Montanoall my love
35%
With Big Seanresearch
35%
With Kelly Clarksonsanta, can‘t you hear me
35%
With Who is Fancy and Meghan Trainorboys like you
30%
With Jimmy Fallon and Megan Thee Stallionit was a masked christmas
30%
With Nathan Sykesover and over again
30%
With Childish Gambinotime
30%
With Idina Menzela hand for mrs.claus
26%
With Pharrell Williamsarturo sandoval
13%
SINGLES/COLLABput yours hearts up
9%

Score Distribution

Percentile by Number Answered

Percent of People with Each Score

Your Score History

You have not taken this quiz